Представление документа в формате MARC21

Поле Инд. ПП Название Значение
Тип записи a
Библиографический уровень m
001 Контрольный номер RU/IS/BASE/232207189
005 Дата корректировки 20250516153155.2
084 a Индекс другой классификации/Индекс ББК 26.314я73; 26.304я73; 26.304.7я73
090 a Полочн. индекс 26.314я73 испр.
x Авторский знак П 31
100 1_ a Автор Маракушев А. А.
100 1_ a Автор Граменицкий Е. Н.
100 1_ a Автор Фельдман В. И.
100 1_ a Автор Феногенов А. Н.
100 1_ a Автор Ракчеев А. Д.
245 a Заглавие Петрография
b Продолж. заглавия учебник для студентов геологических специальностей вузов
c Ответственность под редакцией А. А. Маракушева
n Номер части/ раздела Ч.3
260 a Место издания Москва
b Издательство Издательство Московского университета
c Дата издания 1986
300 a Объем 288 с.
b Иллюстрации/ тип воспроизводства ил.
336 a Термин вида содержания Текст
337 a Термин типа средства непосредственный
504 a Библиография Рек. лит.: с. 286
521 a Примеч. о целев. назн. студенты
650 a Основная рубрика геология
a Основная рубрика науки о Земле
a Основная рубрика петрология (петрография)
653 a Ключевые слова аллохимический метаморфизм
a Ключевые слова горные породы
a Ключевые слова дислокационный метаморфизм
a Ключевые слова импактный метаморфизм
a Ключевые слова карбонатные породы
a Ключевые слова мафические породы
a Ключевые слова метаморфизм
a Ключевые слова метаморфические породы
a Ключевые слова метасоматизм
a Ключевые слова метасоматоз
a Ключевые слова минералогическая систематика
a Ключевые слова петрохимическая систематика
a Ключевые слова сиалические породы
a Ключевые слова систематика
a Ключевые слова ультрамафические породы
655 a Жанр/ форма (устаревшее) учебное пособие
901 t Тип документа m
952 a Тип литературы для КСУ ВШ УИ
954 a Гриф 1.8.1